000 02024njm a2200445 c 4500
003 BLK
005 20241004101643.0
008 180410b bul||n||s|||||||| n|bulo|
010 _aCDD00000614000
040 _aBLK
041 _aDEU
_cDEU
080 _aОпера. Музикална драма. Романтична опера. Опера-приказка
_b782.1
_x
_z782.1
100 1 _aЩраус, Рихард
_d1864 - 1949
_9144682
700 1 _aStrauss, Richard
_925540
700 1 _aOrchester der Wiener Staatsoper
_eизп.
_9353764
700 1 _aDella Casa, Lisa
_eсопран
_9353762
700 1 _aKerns, Robert
_eбаритон
_914977
700 1 _aBerry, Walter
_eбас-баритон
_9387521
700 1 _aKmentt, Waldemar
_eтенор
_915351
700 1 _aWiener, Otto
_eбас-баритон
_9353765
700 1 _aLudwig, Christa
_eмецосопран
_9353766
700 1 _aPopp, Lucia
_eсопран
_9353413
700 1 _aWunderlich, Fritz
_eтенор
_928408
700 1 _aPretre, Georges
_eдиригент
_921695
139 _aЩраус, Рихард
_bЩ 54
245 1 0 _aCapriccio [CD аудио]
_bEin Konversationsstuck fur Musik in einem Aufzug : CD 1-2
_cРихард Щраус; * Richard Strauss; изп. Orchester der Wiener Staatsoper; сопран Lisa Della Casa; баритон Robert Kerns; бас-баритон Walter Berry; тенор Waldemar Kmentt; бас-баритон Otto Wiener; мецосопран Christa Ludwig; сопран Lucia Popp; тенор Fritz Wunderlich; диригент Georges Pretre.
_nCD 2
257 _aDEU
260 Munchen
_bOrfeo
_c2008
300 _c12 cm.
_fбр. в к-т
_g1 CD
380 _a7
650 4 _aОпери
_9165041
653 _aОпера
760 1 _aЩраус, Рихард
_h58мин. 13сек.
_tCD 2
852 _aЦб CD 2077
_p0
856 4 _qpdf
_u
856 4 _qpdf
_u
942 _cCDD
_n0
944 _aCR
_c07.01.2009
_k30560
_lГеновева Генчева
944 _aED
_c07.01.2009
_k
999 _c216808
_d216808